Kemiskinan

Bibliographic Details
Format: Book
Published: Kuala Lumpur : University Malaya , 1994
Series:Kesejahteraan rakyat
Subjects:

MARC

LEADER 00000cam a2200000 7i4500
001 0000030386
002 000032790
005 20000330.0
020 |a T000002692 
090 0 0 |a J 305.56   |b KEM 
245 1 0 |a Kemiskinan   |c ditulis oleh kumpulan intelek J.P.M.(U.M.) 
260 |a Kuala Lumpur :   |b University Malaya ,   |c 1994 
300 |a 40 p. :   |b ill. ;   |c 17 cm. 
490 0 |a Kesejahteraan rakyat 
650 0 0 |a Inflation(Finance)   |z Malaysia 
999 |a 051724   |b BUKU   |c PINJAMAN   |e PERPUSTAKAAN KOMUNITI PETALING JAYA 
999 |a 051725   |b BUKU   |c PINJAMAN   |e PERPUSTAKAAN KOMUNITI PETALING JAYA 
999 |a 051726   |b BUKU   |c PINJAMAN   |e PERPUSTAKAAN KOMUNITI PETALING JAYA